[Event "34 Open Internacional Ciudad de San Seba"]
[Site "Donostia-San Sebastian"]
[Date "2011.04.21"]
[Round "6"]
[White "Tung, Siu Hung"]
[Black "Bottema, Martin"]
[Result "1/2-1/2"]
[WhiteElo "1924"]
[BlackElo "2074"]
[PlyCount "70"]
[EventDate "2011.04.16"]
[EventRounds "9"]
[EventCountry "ESP"]

1. e4 e5 2. Nf3 Nc6 3. d4 exd4 4. Nxd4 Nf6 5. Nc3 Bb4 6. Qd3 O-O 7. f3 d5 8.
Nxc6 bxc6 9. Bd2 Qe7 10. O-O-O dxe4 11. Nxe4 Bxd2+ 12. Nxd2 Be6 13. Qa6 Rab8
14. Nb3 Nd5 15. Kb1 Bf5 16. Bd3 Nb4 17. Qc4 Bxd3 18. cxd3 Rfe8 19. Qc3 Qd6 20.
g3 Re3 21. Nc5 Qd5 22. Qc4 Rxd3 23. Qxd5 Rxd5 24. Rxd5 Nxd5 25. Nd7 Rd8 26. Ne5
Ne7 27. Re1 f6 28. Nc4 Kf7 29. Kc2 Rd5 30. Re2 Nf5 31. Kc3 Nd6 32. Ne3 Nb5+ 33.
Kc4 Nd6+ 34. Kc3 Nb5+ 35. Kc4 Nd6+ 1/2-1/2

[Event "34 Open Internacional Ciudad de San Seba"]
[Site "Donostia-San Sebastian"]
[Date "2011.04.21"]
[Round "6"]
[White "Thomassen, Thomas"]
[Black "Garcia Martin, Juan Manuel"]
[Result "1-0"]
[WhiteElo "2049"]
[BlackElo "1872"]
[PlyCount "89"]
[EventDate "2011.04.16"]
[EventRounds "9"]
[EventCountry "ESP"]

1. c4 g6 2. g3 Bg7 3. Bg2 e5 4. Nc3 Nf6 5. e4 d6 6. Nge2 Bg4 7. h3 Be6 8. b3
Nc6 9. O-O Nd4 10. Nxd4 exd4 11. Ne2 Qc8 12. Nf4 O-O 13. d3 Bd7 14. Kh2 Rb8 15.
Ne2 b6 16. b4 c5 17. Bf4 Ne8 18. Bd2 f5 19. f3 Be5 20. f4 Bf6 21. h4 Ng7 22.
Ng1 Bc6 23. b5 Ba8 24. Nh3 fxe4 25. dxe4 a5 26. bxa6 Qxa6 27. Qb3 Rfe8 28. Nf2
Qb7 29. Rae1 Nf5 30. Bh1 Nxh4 31. gxh4 Bxh4 32. Qf3 Bxf2 33. Rxf2 Qf7 34. f5 b5
35. Qg3 bxc4 36. Bh6 c3 37. fxg6 Qxg6 38. Qh3 Rb2 39. Ref1 d3 40. Bc1 Rxf2+ 41.
Rxf2 d2 42. Bxd2 cxd2 43. Rxd2 Bxe4 44. Bxe4 Rxe4 45. Rg2 1-0

[Event "34 Open Internacional Ciudad de San Seba"]
[Site "Donostia-San Sebastian"]
[Date "2011.04.21"]
[Round "7"]
[White "Pap, Misa"]
[Black "Korchnoi, Viktor"]
[Result "1/2-1/2"]
[WhiteElo "2496"]
[BlackElo "2557"]
[PlyCount "37"]
[EventDate "2011.04.16"]
[EventRounds "9"]
[EventCountry "ESP"]

1. e4 e5 2. Nf3 Nc6 3. Bc4 Bc5 4. O-O d6 5. c3 Bb6 6. d4 Nf6 7. dxe5 Nxe5 8.
Nxe5 dxe5 9. Qxd8+ Kxd8 10. Bg5 Ke7 11. Nd2 h6 12. Bh4 Be6 13. Bxe6 Kxe6 14.
Bxf6 Kxf6 15. Nc4 Rhd8 16. Rfd1 Ke6 17. Kf1 c6 18. Nxb6 axb6 19. a3 1/2-1/2

[Event "34 Open Internacional Ciudad de San Seba"]
[Site "Donostia-San Sebastian"]
[Date "2011.04.21"]
[Round "7"]
[White "Barria Zuniga, Daniel"]
[Black "Narciso Dublan, Marc"]
[Result "1/2-1/2"]
[WhiteElo "2438"]
[BlackElo "2551"]
[PlyCount "26"]
[EventDate "2011.04.16"]
[EventRounds "9"]
[EventCountry "ESP"]

1. d4 Nf6 2. c4 e6 3. Nf3 Bb4+ 4. Nbd2 b6 5. a3 Bxd2+ 6. Qxd2 Bb7 7. e3 O-O 8.
Be2 Ne4 9. Qc2 Ng5 10. Qd1 Nxf3+ 11. Bxf3 Bxf3 12. Qxf3 Nc6 13. O-O Na5 1/2-1/2

[Event "34 Open Internacional Ciudad de San Seba"]
[Site "Donostia-San Sebastian"]
[Date "2011.04.21"]
[Round "7"]
[White "Sebenik, Matej"]
[Black "Thomassen, Joachim"]
[Result "1-0"]
[WhiteElo "2530"]
[BlackElo "2396"]
[PlyCount "89"]
[EventDate "2011.04.16"]
[EventRounds "9"]
[EventCountry "ESP"]

1. d4 Nf6 2. c4 g6 3. g3 Bg7 4. Bg2 O-O 5. Nc3 d6 6. Nf3 Nc6 7. O-O Bf5 8. d5
Na5 9. Nd2 c6 10. b4 Nxd5 11. cxd5 Bxc3 12. e4 Bxe4 13. Nxe4 Bxa1 14. bxa5 Bg7
15. a6 Rb8 16. axb7 c5 17. Nd2 Rxb7 18. Nc4 Rb4 19. Qd3 Qd7 20. Bd2 Rbb8 21.
Qc2 Rfe8 22. h4 Qg4 23. Re1 Bd4 24. Re4 Qd7 25. Be3 Bxe3 26. Rxe3 Rb4 27. a3
Rbb8 28. h5 Qg4 29. Bf3 Qd4 30. Kg2 Kf8 31. Qc1 Qf6 32. Rd3 Kg7 33. Be4 Rf8 34.
g4 Qh4 35. Rg3 Qf6 36. Rf3 Qd4 37. Re3 Rb5 38. Bf3 Qf6 39. Qe1 Rfb8 40. Rxe7
Rb3 41. Nd2 Rxa3 42. Qe6 Qf4 43. h6+ Kxh6 44. Rxf7 Qe5 45. Qd7 1-0

[Event "34 Open Internacional Ciudad de San Seba"]
[Site "Donostia-San Sebastian"]
[Date "2011.04.21"]
[Round "7"]
[White "Alvarez Pedraza, Aramis"]
[Black "Pogorelov, Ruslan"]
[Result "1/2-1/2"]
[WhiteElo "2515"]
[BlackElo "2430"]
[PlyCount "88"]
[EventDate "2011.04.16"]
[EventRounds "9"]
[EventCountry "ESP"]

1. d4 Nf6 2. c4 e6 3. Nf3 b6 4. g3 Ba6 5. Qa4 Bb7 6. Bg2 c5 7. dxc5 bxc5 8. O-O
Be7 9. Nc3 O-O 10. Rd1 Qb6 11. Bf4 Rd8 12. Rd2 d6 13. Rad1 h6 14. Qb5 Ne8 15.
e4 Qxb5 16. Nxb5 Bxe4 17. Nxd6 Nxd6 18. Bxd6 Rxd6 19. Rxd6 Bxd6 20. Rxd6 Nc6
21. Ne1 Bxg2 22. Kxg2 Rc8 23. Nd3 Nb8 24. Nxc5 Rxc5 25. Rd8+ Kh7 26. Rxb8 Rxc4
27. Rb7 Ra4 28. Rxf7 Rxa2 29. Rb7 Kg6 30. h4 a5 31. g4 a4 32. h5+ Kf6 33. Kg3
a3 34. bxa3 Rxa3+ 35. f3 Rc3 36. Rb8 Kf7 37. Rb4 e5 38. g5 hxg5 39. Kg4 Re3 40.
Ra4 Kf6 41. Ra6+ Kf7 42. Ra7+ Kf6 43. Ra5 Kf7 44. Ra4 Kf6 1/2-1/2

[Event "34 Open Internacional Ciudad de San Seba"]
[Site "Donostia-San Sebastian"]
[Date "2011.04.21"]
[Round "7"]
[White "Franco Alonso, Alejandro"]
[Black "Abello, Sebastien"]
[Result "1-0"]
[WhiteElo "2489"]
[BlackElo "2337"]
[PlyCount "89"]
[EventDate "2011.04.16"]
[EventRounds "9"]
[EventCountry "ESP"]

1. Nf3 c5 2. c4 Nc6 3. d4 cxd4 4. Nxd4 g6 5. e4 Bg7 6. Be3 Nf6 7. Nc3 O-O 8.
Be2 d6 9. O-O Nxd4 10. Bxd4 Bd7 11. Qd2 Bc6 12. f3 a5 13. Rab1 Nd7 14. Be3 Nc5
15. b3 Qb6 16. Rfc1 Rfc8 17. Rc2 Qd8 18. Bf1 Be5 19. a3 h5 20. Kh1 Qf8 21. b4
axb4 22. axb4 Na4 23. Nd5 e6 24. Nf4 Qg7 25. Ne2 Rd8 26. Nd4 Be8 27. Rd1 Rac8
28. Qc1 Kh7 29. Rd3 Ra8 30. Qd2 Rac8 31. Be2 Bf6 32. h3 Rb8 33. Bf1 Rbc8 34.
Kg1 Qh8 35. Nb3 Qf8 36. Bf4 d5 37. exd5 exd5 38. c5 b6 39. Rxd5 bxc5 40. bxc5
Nxc5 41. Rcxc5 Rxc5 42. Rxd8 Bxd8 43. Qxd8 Rc3 44. Nd4 Qc5 45. Qf6 1-0

[Event "34 Open Internacional Ciudad de San Seba"]
[Site "Donostia-San Sebastian"]
[Date "2011.04.21"]
[Round "7"]
[White "Collins, Sam E"]
[Black "Starostits, Ilmars"]
[Result "1-0"]
[WhiteElo "2426"]
[BlackElo "2486"]
[PlyCount "63"]
[EventDate "2011.04.16"]
[EventRounds "9"]
[EventCountry "ESP"]

1. e4 c5 2. c3 g6 3. d4 cxd4 4. cxd4 d5 5. e5 Nc6 6. Nc3 Nh6 7. Bb5 Bg7 8. h3
O-O 9. Nf3 f6 10. O-O fxe5 11. dxe5 e6 12. Re1 Nf5 13. Bg5 Qc7 14. Rc1 Qf7 15.
Bxc6 bxc6 16. Na4 h6 17. Bf6 Bxf6 18. exf6 Qxf6 19. Rxc6 Nh4 20. Nc5 Nxf3+ 21.
Qxf3 Qxf3 22. gxf3 Rb8 23. b3 Rb6 24. Rc7 a5 25. Rc1 Rd6 26. Nd3 Ba6 27. Ne5
Rf5 28. Ng4 Rxf3 29. Ra7 h5 30. Nh6+ Kf8 31. Rcc7 Ke8 32. Re7+ 1-0

[Event "34 Open Internacional Ciudad de San Seba"]
[Site "Donostia-San Sebastian"]
[Date "2011.04.21"]
[Round "7"]
[White "Kalegin, Evgenij"]
[Black "Velten, Paul"]
[Result "1/2-1/2"]
[WhiteElo "2473"]
[BlackElo "2281"]
[PlyCount "84"]
[EventDate "2011.04.16"]
[EventRounds "9"]
[EventCountry "ESP"]

1. e4 e6 2. d4 d5 3. Nc3 Nc6 4. Nf3 Nf6 5. e5 Ne4 6. Bd3 Bb4 7. O-O Nxc3 8.
bxc3 Bxc3 9. Rb1 Nxd4 10. Nxd4 Bxd4 11. Bb5+ c6 12. Qxd4 cxb5 13. Qg4 Kf8 14.
Rb3 h5 15. Rh3 Bd7 16. Bg5 Kg8 17. Qg3 Qc7 18. Bf6 Rh7 19. Rxh5 Qxc2 20. Rg5 g6
21. h4 Rc8 22. h5 Rh6 23. hxg6 fxg6 24. Rg4 Rc4 25. Qe3 Rh7 26. Rxc4 bxc4 27.
Qxa7 Qa4 28. Qxb7 Qc6 29. Qa7 Be8 30. Qd4 c3 31. Rc1 c2 32. Qd2 Rc7 33. Qh6 Rh7
34. Qd2 Rc7 35. Qh6 Rh7 36. Qd2 Rc7 37. Qh6 Rh7 38. Qd2 Rc7 39. Qh6 Rh7 40. Qd2
Rc7 41. Qh6 Rh7 42. Qd2 Rc7 1/2-1/2

[Event "34 Open Internacional Ciudad de San Seba"]
[Site "Donostia-San Sebastian"]
[Date "2011.04.21"]
[Round "7"]
[White "Venkatesh, M R."]
[Black "Zysko, Jan"]
[Result "1-0"]
[WhiteElo "2455"]
[BlackElo "2168"]
[PlyCount "61"]
[EventDate "2011.04.16"]
[EventRounds "9"]
[EventCountry "ESP"]

1. Nf3 c5 2. e4 e6 3. d3 Nc6 4. g3 Nf6 5. Bg2 d5 6. Nbd2 Be7 7. O-O O-O 8. Re1
Re8 9. c3 b6 10. e5 Nd7 11. Nf1 Bb7 12. h4 Qc7 13. Bf4 Nf8 14. h5 d4 15. c4 a6
16. N1h2 b5 17. b3 b4 18. Qd2 a5 19. Ng4 Kh8 20. h6 g6 21. Bg5 Bxg5 22. Nxg5
Re7 23. Qf4 Nd7 24. Nf6 Ncb8 25. Bxb7 Qxb7 26. Nfxh7 Qc8 27. Nf6 a4 28. Nxd7
Nxd7 29. Nxf7+ Kg8 30. h7+ Kxh7 31. Qh4+ 1-0

[Event "34 Open Internacional Ciudad de San Seba"]
[Site "Donostia-San Sebastian"]
[Date "2011.04.21"]
[Round "7"]
[White "Piasetski, Leon"]
[Black "Huerga Leache, Mikel"]
[Result "0-1"]
[WhiteElo "2299"]
[BlackElo "2440"]
[PlyCount "96"]
[EventDate "2011.04.16"]
[EventRounds "9"]
[EventCountry "ESP"]

1. d4 Nf6 2. Nf3 g6 3. c4 Bg7 4. Nc3 d5 5. cxd5 Nxd5 6. Bd2 O-O 7. e4 Nb6 8.
Be3 Bg4 9. a4 Bxf3 10. gxf3 a5 11. d5 N8d7 12. f4 c6 13. dxc6 bxc6 14. h4 e5
15. f5 gxf5 16. exf5 Kh8 17. Qd6 Nc8 18. Qxc6 Ne7 19. Qf3 Nf6 20. Rd1 Qc8 21.
Bd3 Rb8 22. Nb5 e4 23. Bxe4 Nxe4 24. Qxe4 Nxf5 25. Rc1 Qd7 26. Rc7 Rbe8 27.
Rxd7 Rxe4 28. Nd6 Nxd6 29. Rxd6 Rxa4 30. b3 Rb4 31. Kd2 Rxb3 32. Bd4 Bxd4 33.
Rxd4 Rb2+ 34. Ke3 Re8+ 35. Kf3 Rb3+ 36. Kf4 Rb4 37. Rhd1 Ra8 38. h5 Rxd4+ 39.
Rxd4 a4 40. h6 a3 41. Rd1 a2 42. Ra1 Ra5 43. Rd1 Ra8 44. Ra1 Kg8 45. Ke5 Kf8
46. Kd4 Ke7 47. Kc3 Kf6 48. Kb2 Kf5 0-1

[Event "34 Open Internacional Ciudad de San Seba"]
[Site "Donostia-San Sebastian"]
[Date "2011.04.21"]
[Round "7"]
[White "Spraggett, Kevin"]
[Black "Rabineau, Clement"]
[Result "1/2-1/2"]
[WhiteElo "2576"]
[BlackElo "2291"]
[PlyCount "96"]
[EventDate "2011.04.16"]
[EventRounds "9"]
[EventCountry "ESP"]

1. c4 Nf6 2. Nf3 g6 3. b3 Bg7 4. Bb2 c5 5. g3 b6 6. Bg2 Bb7 7. O-O O-O 8. e3 d5
9. Qe2 Nc6 10. Rd1 e6 11. d3 Qe7 12. Nc3 Rfd8 13. Rac1 e5 14. cxd5 Nxd5 15.
Nxd5 Rxd5 16. a3 Rdd8 17. Bc3 Rd7 18. Qb2 Rad8 19. Ne1 Qe6 20. Qb1 Ne7 21. Bxb7
Rxb7 22. b4 cxb4 23. axb4 Rc7 24. Bd2 Rdc8 25. Rxc7 Rxc7 26. Rc1 Rxc1 27. Qxc1
Qc6 28. Qa3 Qb7 29. Qb3 Bf8 30. Bc3 Qd5 31. Qb2 Bg7 32. e4 Qb5 33. Qd2 Nc6 34.
Kg2 a5 35. bxa5 bxa5 36. Nc2 a4 37. Ne3 Bh6 38. Qc2 Bxe3 39. fxe3 a3 40. h4 h5
41. Ba1 a2 42. Qxa2 Qxd3 43. Qa8+ Kh7 44. Qxc6 Qe2+ 45. Kh3 Qf1+ 46. Kh2 Qf2+
47. Kh3 Qf1+ 48. Kh2 Qf2+ 1/2-1/2

[Event "34 Open Internacional Ciudad de San Seba"]
[Site "Donostia-San Sebastian"]
[Date "2011.04.21"]
[Round "7"]
[White "Santos Latasa, Jaime"]
[Black "San Segundo Carrillo, Pablo"]
[Result "0-1"]
[WhiteElo "2227"]
[BlackElo "2513"]
[PlyCount "130"]
[EventDate "2011.04.16"]
[EventRounds "9"]
[EventCountry "ESP"]

1. d4 d5 2. c4 c6 3. Nf3 Nf6 4. e3 Bg4 5. Qb3 Qb6 6. Nc3 e6 7. Nh4 Bh5 8. h3 g5
9. Nf3 h6 10. Ne5 Nfd7 11. Nxd7 Nxd7 12. Bd3 Rg8 13. Bd2 Bg6 14. Be2 Qxb3 15.
axb3 a6 16. g4 f5 17. Bd3 Nf6 18. f3 Rd8 19. O-O-O Rd7 20. Be1 Bd6 21. Ne2 h5
22. gxf5 Bxf5 23. Bxf5 exf5 24. Bg3 Ke7 25. c5 Bxg3 26. Nxg3 Ke6 27. h4 g4 28.
f4 Rh7 29. Rhg1 Ne4 30. Nxe4 dxe4 31. Rg3 b6 32. cxb6 Rb7 33. Kc2 Rxb6 34. Ra1
Rd8 35. Kc3 Rdb8 36. Ra3 a5 37. Rg2 Rb5 38. Rc2 c5 39. d5+ Kxd5 40. Rd2+ Kc6
41. Kc4 Rb4+ 42. Kc3 R4b7 43. Kc4 Ra8 44. Ra1 Rb4+ 45. Kc3 Rab8 46. Ra3 Ra8 47.
Rd1 Rbb8 48. Kc4 a4 49. Rd2 Rxb3 50. Rxb3 axb3 51. Kxb3 Ra7 52. Kc4 Rd7 53. Rc2
Rd3 54. b4 cxb4 55. Kxb4+ Kd6 56. Ra2 Rxe3 57. Ra6+ Kd5 58. Ra5+ Kd4 59. Rxf5
Rf3 60. Rf8 e3 61. Rd8+ Ke4 62. Kc3 Kxf4 63. Rd5 Kg3 64. Rxh5 Kf2 65. Re5 g3
0-1

[Event "34 Open Internacional Ciudad de San Seba"]
[Site "Donostia-San Sebastian"]
[Date "2011.04.21"]
[Round "7"]
[White "Elsness, Frode"]
[Black "Olaizola Ortega, Luis"]
[Result "1-0"]
[WhiteElo "2484"]
[BlackElo "2206"]
[PlyCount "83"]
[EventDate "2011.04.16"]
[EventRounds "9"]
[EventCountry "ESP"]

1. d4 e6 2. c4 d5 3. Nc3 Nf6 4. cxd5 exd5 5. Bg5 Be7 6. e3 c6 7. Qc2 Nbd7 8.
Bd3 Nf8 9. Nge2 Nh5 10. Bxe7 Qxe7 11. Rb1 g6 12. b4 Ne6 13. b5 O-O 14. bxc6
bxc6 15. O-O f5 16. Rfe1 Nd8 17. Na4 g5 18. Nc5 Qg7 19. Nc3 Kh8 20. Be2 Nf6 21.
Nd3 Ne4 22. Ne5 Rf6 23. f3 Nd6 24. Na4 Bd7 25. Nc5 Be8 26. Bd3 h5 27. Qf2 Ne6
28. Nxe6 Rxe6 29. h4 Rc8 30. Qg3 g4 31. Rec1 Rf6 32. Kh2 gxf3 33. gxf3 Qxg3+
34. Kxg3 f4+ 35. exf4 Rc7 36. Rb8 Kg7 37. f5 Bd7 38. Nxd7 Rxd7 39. Kf4 Nf7 40.
Rg1+ Kh7 41. Rg6 Rdd6 42. Rf8 1-0

[Event "34 Open Internacional Ciudad de San Seba"]
[Site "Donostia-San Sebastian"]
[Date "2011.04.21"]
[Round "7"]
[White "Alvarez Fernandez, Enrique"]
[Black "Verkasalo, Tommi"]
[Result "1-0"]
[WhiteElo "2374"]
[BlackElo "2156"]
[PlyCount "147"]
[EventDate "2011.04.16"]
[EventRounds "9"]
[EventCountry "ESP"]

1. d4 c5 2. dxc5 e5 3. Nf3 Nc6 4. Nc3 Bxc5 5. Ne4 d5 6. Nxc5 Qa5+ 7. Nd2 Qxc5
8. Nb3 Qe7 9. c3 Be6 10. g3 a5 11. Bg2 a4 12. Nd2 Nf6 13. O-O O-O 14. Nf3 h6
15. Be3 Rfd8 16. Bb6 Rd7 17. b4 Ne4 18. b5 Nxc3 19. Qd3 e4 20. Qxc3 exf3 21.
Bxf3 d4 22. Qc5 Qxc5 23. Bxc5 Ne5 24. Be4 Bc4 25. f4 Rc8 26. Bb4 Ng4 27. Rfc1
Re8 28. Bf5 Be6 29. Bd3 Ne3 30. Rc5 g6 31. b6 Nd5 32. Ba5 Rd6 33. a3 Nxb6 34.
Rac1 Nd5 35. Bd2 b6 36. Rc6 Rxc6 37. Rxc6 Rc8 38. Rxc8+ Bxc8 39. Kf2 Bf5 40.
Bc4 Nc3 41. Ke1 Bc2 42. e3 Nb1 43. Bb4 d3 44. Bd5 d2+ 45. Bxd2 Nxa3 46. Bb4 Nb1
47. Ba2 Kg7 48. e4 Bxe4 49. Kd1 g5 50. fxg5 hxg5 51. Kc1 f5 52. Bxb1 Bxb1 53.
Kxb1 f4 54. gxf4 gxf4 55. Kc1 Kg6 56. Kd2 Kf5 57. h3 Kg5 58. Be7+ Kh5 59. Ke2
b5 60. Kf3 b4 61. Bxb4 Kh4 62. Kg2 f3+ 63. Kh2 Kh5 64. Kg3 Kg6 65. Kxf3 Kh5 66.
Kg2 Kg5 67. Kg3 Kh5 68. h4 Kh6 69. Kg4 Kg6 70. h5+ Kh6 71. Ba3 Kh7 72. Kg5 Kg7
73. h6+ Kh7 74. Kh5 1-0

[Event "34 Open Internacional Ciudad de San Seba"]
[Site "Donostia-San Sebastian"]
[Date "2011.04.21"]
[Round "7"]
[White "Alonso Arburu, Juan Ignacio"]
[Black "Torres Ganuza, Fco  Javier"]
[Result "1-0"]
[WhiteElo "2367"]
[BlackElo "2120"]
[PlyCount "79"]
[EventDate "2011.04.16"]
[EventRounds "9"]
[EventCountry "ESP"]

1. Nf3 c5 2. c4 Nf6 3. g3 d5 4. cxd5 Nxd5 5. Bg2 Nc6 6. Nc3 e6 7. O-O Be7 8. d4
O-O 9. e4 Nf6 10. d5 exd5 11. exd5 Nb4 12. Ne1 Bg4 13. Qd2 Qd7 14. a3 Na6 15.
Nc2 Rad8 16. Re1 Rfe8 17. b3 Nc7 18. Ne3 Bh3 19. Bh1 Nb5 20. Ne2 Nd6 21. Bb2
Nfe4 22. Qc2 Bg5 23. Nf4 Bxf4 24. gxf4 b6 25. Bf3 Qe7 26. Be5 f6 27. Bb2 Qf7
28. Kh1 Qg6 29. Bc1 Ng3+ 30. hxg3 Rxe3 31. Qd1 Rd3 32. Bd2 c4 33. bxc4 Nxc4 34.
Ra2 Nxd2 35. Rxd2 Rxa3 36. d6 Bd7 37. Bd5+ Kh8 38. Qc1 Ra5 39. Qc7 Re8 40. Rde2
1-0

[Event "34 Open Internacional Ciudad de San Seba"]
[Site "Donostia-San Sebastian"]
[Date "2011.04.21"]
[Round "7"]
[White "Silva Rodriguez, Julio"]
[Black "Nyysti, Sampsa"]
[Result "1-0"]
[WhiteElo "2103"]
[BlackElo "2365"]
[PlyCount "93"]
[EventDate "2011.04.16"]
[EventRounds "9"]
[EventCountry "ESP"]

1. e4 e5 2. Nf3 Nc6 3. Bc4 d6 4. O-O g6 5. d4 Bg4 6. c3 Qe7 7. Bg5 f6 8. Be3
Nh6 9. Nbd2 Nf7 10. Qb3 Ncd8 11. h3 Bd7 12. Ne1 a6 13. a4 b6 14. Nd3 Nc6 15.
Bd5 Na5 16. Qa2 Ra7 17. b4 Nc6 18. f4 Bh6 19. Rae1 O-O 20. fxe5 Bxe3+ 21. Rxe3
fxe5 22. Ref3 Ncd8 23. dxe5 dxe5 24. Nxe5 Qxe5 25. Bxf7+ Kg7 26. Bd5 Rxf3 27.
Rxf3 c6 28. Bc4 a5 29. bxa5 Rxa5 30. Nb3 Ra7 31. Qa3 c5 32. a5 Be6 33. Qa4 Bxc4
34. Qxc4 bxa5 35. Nxc5 Kh6 36. Nd3 Qe7 37. Nf2 Ne6 38. Qd5 Kg7 39. Qe5+ Kg8 40.
Kh1 Ng5 41. Qd5+ Kg7 42. Qd4+ Kg8 43. Ng4 h5 44. Nf6+ Kh8 45. Nxh5+ Kg8 46.
Nf6+ Kh8 47. Rf4 1-0

[Event "34 Open Internacional Ciudad de San Seba"]
[Site "Donostia-San Sebastian"]
[Date "2011.04.21"]
[Round "7"]
[White "Debray, Christopher"]
[Black "Diaz Herrero, Alvaro"]
[Result "1-0"]
[WhiteElo "2381"]
[BlackElo "2126"]
[PlyCount "69"]
[EventDate "2011.04.16"]
[EventRounds "9"]
[EventCountry "ESP"]

1. e4 c5 2. Nf3 d6 3. Bb5+ Nd7 4. O-O Ngf6 5. d4 cxd4 6. Qxd4 a6 7. Bxd7+ Bxd7
8. Bg5 e6 9. Nc3 h6 10. Bh4 Be7 11. e5 dxe5 12. Nxe5 Bb5 13. Rfd1 O-O 14. Qe3
Qc7 15. Bg3 Qc5 16. Qxc5 Bxc5 17. a4 Be8 18. a5 Rc8 19. Na4 Ba7 20. c4 Bxa4 21.
Rxa4 Rfd8 22. Rxd8+ Rxd8 23. Kf1 Ne4 24. Rb4 Nc5 25. Nf3 Rd7 26. Bf4 Nd3 27.
Ne5 Nxe5 28. Bxe5 f6 29. Bf4 e5 30. Be3 Bxe3 31. fxe3 Kf8 32. Rb6 Rc7 33. b4
Rxc4 34. Rxb7 Rc2 35. b5 1-0

[Event "34 Open Internacional Ciudad de San Seba"]
[Site "Donostia-San Sebastian"]
[Date "2011.04.21"]
[Round "7"]
[White "Trepat Herranz, Joan"]
[Black "Perez Calahorra, Ricardo"]
[Result "0-1"]
[WhiteElo "2343"]
[BlackElo "2117"]
[PlyCount "124"]
[EventDate "2011.04.16"]
[EventRounds "9"]
[EventCountry "ESP"]

1. d4 Nf6 2. c4 g6 3. g3 Bg7 4. Bg2 d5 5. cxd5 Nxd5 6. Nf3 O-O 7. O-O Nb6 8.
Nc3 Nc6 9. e3 Nb4 10. Qe2 Bf5 11. Rd1 Qc8 12. e4 Bg4 13. Be3 Nc6 14. Rac1 Qd7
15. d5 Bxf3 16. Bxf3 Ne5 17. Bg2 a6 18. h3 h6 19. Bxb6 cxb6 20. f4 Qd6 21. fxe5
Bxe5 22. g4 Rac8 23. Rd3 Rc7 24. Rf1 Rfc8 25. Rdf3 f6 26. h4 Kg7 27. h5 g5 28.
Rd3 Bxc3 29. bxc3 Rxc3 30. Rxc3 Rxc3 31. e5 fxe5 32. Qe4 Rc7 33. Kh2 b5 34. Rf2
Rc4 35. Qf5 Rf4 36. Rxf4 exf4 37. Be4 Qf6 38. Qh7+ Kf8 39. Kg2 Ke8 40. Qg8+ Kd7
41. Bf5+ Kd6 42. Qb8+ Kxd5 43. Qxb7+ Kc5 44. Qa7+ Kb4 45. Qf2 Ka3 46. Qc5+ Kxa2
47. Qd5+ Ka3 48. Be6 Qb2+ 49. Kf1 Qc1+ 50. Kg2 Qc2+ 51. Kh1 b4 52. Qa5+ Qa4 53.
Qd5 b3 54. Qc5+ Qb4 55. Qc1+ b2 56. Qb1 Ka4 57. Bd7+ Ka5 58. Qf5+ Kb6 59. Qg6+
Ka7 60. Bf5 f3 61. Qe6 b1=Q+ 62. Bxb1 Qxb1+ 0-1

[Event "34 Open Internacional Ciudad de San Seba"]
[Site "Donostia-San Sebastian"]
[Date "2011.04.21"]
[Round "7"]
[White "Hernandez, Elvis"]
[Black "Newrkla, Katharina"]
[Result "1/2-1/2"]
[WhiteElo "2276"]
[BlackElo "2055"]
[PlyCount "81"]
[EventDate "2011.04.16"]
[EventRounds "9"]
[EventCountry "ESP"]

1. e4 c5 2. Nf3 d6 3. d4 cxd4 4. Nxd4 Nf6 5. Nc3 a6 6. Bg5 Nbd7 7. f3 Qc7 8.
Qd2 e6 9. O-O-O Be7 10. h4 h6 11. Be3 h5 12. Bg5 Ne5 13. Kb1 Bd7 14. Bd3 b5 15.
Rhe1 Rc8 16. f4 Nc4 17. Bxc4 Qxc4 18. a3 a5 19. e5 b4 20. Na2 dxe5 21. fxe5 Nd5
22. Bxe7 Kxe7 23. Re4 Qc5 24. axb4 axb4 25. Nb3 Qa7 26. Qg5+ Kf8 27. Nxb4 Qb7
28. Red4 Qc7 29. Qd2 Bc6 30. Rc4 Qb6 31. Nxd5 exd5 32. Rb4 Qa7 33. Rf1 Rh6 34.
Rbf4 Be8 35. Qxd5 Kg8 36. Qa5 Ra6 37. Qd5 Ra8 38. Kc1 Qe3+ 39. Kb1 Qa7 40. Kc1
Qe3+ 41. Kb1 1/2-1/2

[Event "34 Open Internacional Ciudad de San Seba"]
[Site "Donostia-San Sebastian"]
[Date "2011.04.21"]
[Round "7"]
[White "Tirado Parra, Alberto"]
[Black "Krulich, Roman"]
[Result "0-1"]
[WhiteElo "1884"]
[BlackElo "2225"]
[PlyCount "30"]
[EventDate "2011.04.16"]
[EventRounds "9"]
[EventCountry "ESP"]

1. b4 d5 2. Bb2 Bg4 3. Qc1 Nd7 4. e3 Ngf6 5. Be2 Bxe2 6. Nxe2 e6 7. a3 Bd6 8.
c4 c6 9. d3 O-O 10. Nd2 Rc8 11. c5 Be5 12. Bxe5 Nxe5 13. Qc3 Nfd7 14. Nd4 Qf6
15. Ne2 Nxd3+ 0-1

[Event "34 Open Internacional Ciudad de San Seba"]
[Site "Donostia-San Sebastian"]
[Date "2011.04.21"]
[Round "7"]
[White "Prieto Aranguren, Alain"]
[Black "Thomassen, Thomas"]
[Result "1-0"]
[WhiteElo "2219"]
[BlackElo "2049"]
[PlyCount "75"]
[EventDate "2011.04.16"]
[EventRounds "9"]
[EventCountry "ESP"]

1. d4 Nf6 2. c4 g6 3. Nf3 Bg7 4. e4 d6 5. Be2 Na6 6. Nc3 O-O 7. Bg5 h6 8. Bh4
g5 9. Bg3 Nh5 10. h4 Nxg3 11. fxg3 g4 12. Nh2 h5 13. O-O e5 14. d5 Bh6 15. Bd3
Qe7 16. Qe2 Nc5 17. Bc2 a5 18. Rf2 Bd7 19. Nf1 f6 20. Ne3 Bxe3 21. Qxe3 Qh7 22.
Raf1 Qg6 23. b3 Kg7 24. a3 a4 25. b4 Nb3 26. Ne2 c5 27. dxc6 Bxc6 28. Nc3 Nd4
29. Bd3 Rf7 30. Nd5 Bxd5 31. exd5 f5 32. c5 Qh6 33. Qxh6+ Kxh6 34. Bxf5 dxc5
35. bxc5 Ra5 36. Be4 Rxf2 37. Rxf2 Rxc5 38. Rf7 1-0

[Event "34 Open Internacional Ciudad de San Seba"]
[Site "Donostia-San Sebastian"]
[Date "2011.04.21"]
[Round "7"]
[White "Iglesias Gonzalez, Veronica"]
[Black "Ibar, Marcelo"]
[Result "0-1"]
[WhiteElo "1785"]
[BlackElo "2217"]
[PlyCount "66"]
[EventDate "2011.04.16"]
[EventRounds "9"]
[EventCountry "ESP"]

1. c4 Nf6 2. Nc3 g6 3. Nf3 Bg7 4. d4 O-O 5. g3 c5 6. e3 d5 7. cxd5 cxd4 8. Nxd4
Nxd5 9. Bg2 Nxc3 10. bxc3 e5 11. Nc2 Qa5 12. O-O Rd8 13. Qe2 Qxc3 14. Rb1 Nc6
15. Rb3 Qa5 16. Na3 Bf5 17. Nc4 Qc7 18. Bb2 Rd7 19. Rc1 Rc8 20. f4 exf4 21.
Bxg7 Kxg7 22. Qb2+ Kg8 23. Ne5 Re7 24. Nxc6 bxc6 25. Rxc6 Qa5 26. Rxc8+ Bxc8
27. Rc3 Rc7 28. Rxc7 Qxc7 29. exf4 Be6 30. a3 Qc5+ 31. Kh1 h5 32. Be4 Qe3 33.
Qb4 Bh3 0-1

[Event "34 Open Internacional Ciudad de San Seba"]
[Site "Donostia-San Sebastian"]
[Date "2011.04.21"]
[Round "7"]
[White "Guijarro Galan, Jose Luis"]
[Black "Rabin, Evan Z"]
[Result "0-1"]
[WhiteElo "2206"]
[BlackElo "2035"]
[PlyCount "104"]
[EventDate "2011.04.16"]
[EventRounds "9"]
[EventCountry "ESP"]

1. e4 c5 2. Nf3 e6 3. b4 cxb4 4. d4 Nf6 5. Bd3 b6 6. O-O Bb7 7. Re1 Be7 8. c4
d6 9. Bb2 O-O 10. Nbd2 Re8 11. Qc2 h6 12. Nf1 Bf8 13. Ng3 Qc7 14. Qd2 e5 15. d5
a5 16. Nh4 g6 17. f4 Nbd7 18. Rf1 Bg7 19. f5 g5 20. Nf3 Nc5 21. h4 g4 22. Nh2
h5 23. Bc2 Ncd7 24. Qg5 Kf8 25. Ba4 Nh7 26. Qe3 Nhf6 27. Bxd7 Qxd7 28. Qg5 Rac8
29. Nxh5 Nxh5 30. Qxh5 f6 31. Nxg4 Qf7 32. Qg6 Rxc4 33. Nf2 Rc2 34. Bc1 Ba6 35.
Re1 Bc4 36. Be3 Bxa2 37. Bxb6 Qb7 38. Be3 b3 39. Kh2 Ra8 40. h5 Qf7 41. h6 Bh8
42. Nd3 Rac8 43. Nc1 b2 44. Nxa2 bxa1=Q 45. Rxa1 Re2 46. Nc3 Rxe3 47. Nb5 Rd8
48. Rc1 Qxg6 49. fxg6 Rxe4 50. g3 Rg4 51. g7+ Bxg7 52. hxg7+ Kxg7 {Ilegible}
0-1